000 00923nam a2200241 a 4500
001 74071
003 BD-RjUL
005 20211209082504.0
008 180212s2017 bg |||| b||| 000 0 ben d
020 _a9789849240471
_cTk. 400.00
035 _a(BD-RjUL)74289
040 _aBD-RjUL
_beng
_cBD-RjUL
041 _aben
082 _223
_a321.8095492
_bKHG 2017
100 _aখান, বদরুল আলম
_9220154
245 1 0 _aগনতন্ত্রের বিশ্বরুপ ও বাংলাদেশ /
_cবদরুল আলম খান,
260 _aঢাকা :
_bপ্রথমা ,
_c২০১৭
300 _a২০৭ পৃ. ;
_c২২ সেমি।
504 _aগ্রন্থপঞ্জি সম্বলিত
650 _aগনতন্ত্র
_vইতিহাস
_zবাংলাদেশ
_9220155
650 _aDemocracy
_vHistory
_zBangladesh
_9220156
942 _2ddc
_cBK
999 _c74071
_d74071